|
|
|
|
| LEADER |
01026nam a2200229 i 4500 |
| 001 |
10039409 |
| 003 |
GR-PaULI |
| 005 |
20240316063258.0 |
| 008 |
010302s2012 gr 1 p gre d |
| 952 |
|
|
|0 0
|1 0
|2 ddc
|4 0
|6 889_140000000000000_ΑΓΚ
|7 0
|9 365178
|a LISP
|b LISP
|c DON
|d 2022-10-13
|e ΠΑΤ
|i 151544
|l 0
|o 889.14 ΑΓΚ
|p 025000296573
|r 2022-10-13 00:00:00
|t 1
|w 2022-10-13
|y BKN
|
| 999 |
|
|
|c 213451
|d 213451
|
| 020 |
|
|
|a 9789609476317
|
| 040 |
|
|
|a GR-PaULI
|c GR-PaULI
|b gre
|e AACR2
|
| 082 |
0 |
4 |
|a 889.14
|2 23
|
| 100 |
1 |
|
|a Αγκυρανοπούλου, Χρυσούλα,
|9 194311
|d 1969-
|e συγγραφέας.
|
| 245 |
1 |
0 |
|a Βύβλος :
|b ποιήματα /
|c Χρυσούλα Ἀγκυρανοπούλου.
|
| 260 |
|
|
|a Αθήνα :
|b Μανδραγόρας,
|c 2012.
|
| 300 |
|
|
|a 43 σ. ;
|b
|c 25 εκ.
|
| 490 |
1 |
|
|a Σύγχρονη ελληνική ποίηση (Μανδραγόρας)
|
| 830 |
|
0 |
|a Σύγχρονη ελληνική ποίηση (Μανδραγόρας)
|9 158435
|
| 942 |
|
|
|2 ddc
|c BKN
|
| 998 |
|
|
|c ΜΠΟΥΡΑΣ
|d 2022-10
|